00628nam a2200205 450000100060000000300080000600500170001400800390003103500140007003500190008404000160010304100080011908200250012710000380015224500650019026000660025530000230032150400300034465000480037430533BD-RjUL20211209051558.0140410s1969 ii b 000 0 eng a(BD-RjUL) a(BD-RjUL)30619 aLCbengcLC aeng04a361.020954bKUV 19691 aKulkarni, Vinayak Martand,d1915-10aVoluntary action in a developing society /c V. M. Kulkarni. aNew Delhi :bIndian Institute of Public Administrationc1969. axiv, 66 p.c22 cm. aBibliography: p. [63]-66. 0aVolunteer workers in social servicezIndia.